[Event "Cairo Al Ain op"]
[Site "Cairo"]
[Date "2023.11.30"]
[Round "7"]
[White "Shehata Mohamed, Ayman"]
[Black "Gasser, Rana"]
[Result "1/2-1/2"]
[WhiteElo "1923"]
[BlackElo "1496"]
[PlyCount "55"]
[EventDate "2023.11.27"]
[EventType "swiss"]
[EventRounds "10"]
[EventCountry "EGY"]
[SourceTitle "CB49_2023"]
[SourceDate "2023.12.06"]
[SourceVersion "1"]
[SourceVersionDate "2023.12.06"]
[SourceQuality "1"]

1. Nf3 d5 2. g3 c5 3. Bg2 Nf6 4. d3 e6 5. 0-0 Be7 6. Nc3 0-0 7. e4 Nc6 8. a3 a6 9. h3 b5 10. exd5 exd5 11. Ne2 Bb7 12. g4 Qc7 13. Bf4 Bd6 14. Bxd6 Qxd6 15. Ng3 Ne7 16. Nh4 Qc7 17. Qd2 Rad8 18. Rfe1 Ng6 19. Nhf5 Rfe8 20. g5 Nd7 21. Nh5 d4 22. Rxe8+ Rxe8 23. Bxb7 Qxb7 24. Nd6 Qa8 25. Nxe8 Nh4 26. Kf1 Qh1+ 27. Ke2 Qf3+ 28. Ke1 1/2-1/2

[Event "Cairo Egyptian op"]
[Site "Cairo"]
[Date "2016.04.22"]
[Round "1"]
[White "El Amary, Kamal"]
[Black "Shehata Mohamed, Ayman"]
[Result "1/2-1/2"]
[WhiteElo "2281"]
[BlackElo "1833"]
[PlyCount "130"]
[EventDate "2016.04.22"]
[EventType "swiss"]
[EventRounds "9"]
[EventCountry "EGY"]
[SourceTitle "CBM 172 Extra"]
[Source "ChessBase"]
[SourceDate "2016.06.21"]
[SourceVersion "1"]
[SourceVersionDate "2016.06.21"]
[SourceQuality "1"]

1. d4 Nf6 2. Nf3 e6 3. g3 d5 4. Bg2 c5 5. 0-0 Nc6 6. c4 Be7 7. cxd5 exd5 8. Nc3 Be6 9. dxc5 Bxc5 10. Bg5 Be7 11. Nd4 0-0 12. Nxe6 fxe6 13. Rc1 h6 14. Bd2 a6 15. e4 d4 16. Ne2 e5 17. Qb3+ Kh8 18. Qxb7 d3 19. Nf4 exf4 20. Qxc6 fxg3 21. hxg3 Rb8 22. b3 a5 23. e5 Nh7 24. Qg6 Rg8 25. Be4 Nf8 26. Qf7 Bg5 27. Bd5 Ne6 28. Bxg5 Qxd5 29. Be3 Qxe5 30. Qg6 Rgd8 31. Rfd1 Nd4 32. Bxd4 Qxd4 33. Rc7 Rf8 34. Qxd3 Qxf2+ 35. Kh1 Rf5 36. Rc4 Rbf8 37. Rh4 Rf3 38. Qd4 Qxd4 39. Rdxd4 Rf1+ 40. Kg2 R8f2+ 41. Kh3 Rxa2 42. Rhe4 Rf3 43. Rd8+ Kh7 44. Re7 Ra3 45. Rdd7 Raxb3 46. Rxg7+ Kh8 47. Kh4 a4 48. Ra7 a3 49. Rh7+ Kg8 50. Rag7+ Kf8 51. Ra7 Kg8 52. Rhc7 Rb6 53. Rc8+ Rf8 54. Rcc7 Rg6 55. Rxa3 Rf7 56. Rc8+ Rf8 57. Rc4 Rf1 58. Kh5 Rgf6 59. Kh4 Kh7 60. Rc5 Re6 61. Rc8 Rg6 62. Kh3 Rg8 63. Rc4 Rg5 64. Kh2 Rf2+ 65. Kh3 Rg7 1/2-1/2